The new leadership : managing participation in organizations

Bibliographic Details
Main Authors: Vroom, Victor Harold , 1932- (Author), Jago, Arthur G. , 1949- (Author)
Format: Book
Published: Englewood Cliffs, NJ : Prentice-Hall , c1988
Subjects:

MARC

LEADER 00000cam a2200000 7i4500
001 0000005130
005 20190527093000.0
020 |a 0136150306 
090 0 0 |a HD5650   |b .V76 1988 
100 0 |a Vroom, Victor Harold ,   |d 1932- ,   |e author 
245 1 4 |a The new leadership :   |b managing participation in organizations   |c Victor N. Vroom, Arthur G. Jago 
260 2 |a Englewood Cliffs, NJ :   |b Prentice-Hall ,   |c c1988 
300 |a xi, 244 p. ;   |c 24 cm. 
504 |a Includes bibliography (p. 234-238) and index 
650 0 |a Decision-making, Group 
650 0 |a Management   |x Employee participation 
700 0 |a Jago, Arthur G. ,   |d 1949- ,   |e author 
999 |a 1000011827   |b Book   |c OPEN SHELF (30 DAYS)   |e Gong Badak Campus